Social security and national policy
Đã lưu trong:
| 主要作者: | |
|---|---|
| 格式: | 圖書 |
| 語言: | Undetermined |
| 出版: |
London
McGill-queen's University Press
1977
|
| 主題: | |
| 標簽: |
添加標簽
沒有標簽, 成為第一個標記此記錄!
|
| Thư viện lưu trữ: | Trung tâm Học liệu Trường Đại học Cần Thơ |
|---|
| LEADER | 00529nam a2200193Ia 4500 | ||
|---|---|---|---|
| 001 | CTU_79929 | ||
| 008 | 210402s9999 xx 000 0 und d | ||
| 082 | |a 368.4 | ||
| 082 | |b W879 | ||
| 100 | |a Woodsworth, David E. | ||
| 245 | 0 | |a Social security and national policy | |
| 245 | 0 | |c David E. Woodsworth | |
| 260 | |a London | ||
| 260 | |b McGill-queen's University Press | ||
| 260 | |c 1977 | ||
| 650 | |a Social security | ||
| 650 | |z Sweden | ||
| 904 | |i Trọng Hải | ||
| 980 | |a Trung tâm Học liệu Trường Đại học Cần Thơ | ||